Públicos de arte y política cultural : (Record no. 149506)

MARC details
000 -CABECERA
campo de control de longitud fija 00792nam a2200217 a 4500
005 - FECHA Y HORA DE LA ÚLTIMA TRANSACCIÓN
campo de control 20230606114040.0
008 - ELEMENTOS DE LONGITUD FIJA--INFORMACIÓN GENERAL
campo de control de longitud fija 100817s1991 mx r 000 0 spa d
020 ## - NÚMERO INTERNACIONAL NORMALIZADO PARA LIBROS
Número Internacional Estándar del Libro 9688409006
035 ## - NÚMERO DE CONTROL DEL SISTEMA
Número de control de sistema UPN01000177403
049 ## - COLECCIÓN
Colección CG
050 #4 - SIGNATURA TOPOGRÁFICA DE LA BIBLIOTECA DEL CONGRESO
Número de clasificación PN2316 M4
Número de documento/Ítem P8.6
245 00 - MENCIÓN DE TÍTULO
Título Públicos de arte y política cultural :
Resto del título un estudio del II Festival de la Ciudad de México /
Mención de responsabilidad, etc. Néstor García Canclini ... [et al.].
260 ## - PUBLICACIÓN, DISTRIBUCIÓN, ETC.
Lugar de publicación, distribución, etc. México :
Nombre del editor, distribuidor, etc. UAM-Iztapalapa,
Fecha de publicación, distribución, etc. 1991.
300 ## - DESCRIPCIÓN FÍSICA
Extensión 182 p.
440 #0 - MENCIÓN DE SERIE/ASIENTO SECUNDARIO--TÍTULO
Título CSH
611 24 - ASIENTO SECUNDARIO DE MATERIA - NOMBRE DE LA REUNION
Nombre de congreso/reunión o jurisdicción como elemento de entrada FESTIVAL DE LA CIUDAD DE MEXICO
Número del congreso/reunión o número de parte o sección (2o :
Fecha del congreso/reunión 1990 :
Sede del congreso/Lugar de la reunión MEXICO)
9 (RLIN) 18077
651 #4 - ASIENTO SECUNDARIO DE MATERIA - NOMBRE GEOGRAFICO
Nombre geográfico Ciudad de México
Subdivisión general Política cultural
9 (RLIN) 18075
650 #4 - ASIENTO SECUNDARIO DE MATERIA - TERMINO TEMATICO
Término de materia o nombre geográfico como elemento de entrada Festivales de artes escénicas
Subdivisión geográfica Ciudad de México
9 (RLIN) 18076
700 1# - ASIENTO SECUNDARIO--NOMBRE DE PERSONAL
Nombre de persona García Canclini, Néstor,
Fechas asociadas al nombre 1939-
Término indicativo de función/relación coaut.
9 (RLIN) 30963
905 ## - TIPO DE MATERIAL
Tipo de material Libro
Holdings
Estado de retiro Estado de pérdida Fuente del sistema de clasificación o colocación Estado dañado No para préstamo Código de colección Localización permanente Ubicación/localización actual Ubicación en estantería Total de préstamos Clasificación Código de barras Fecha visto por última vez Número de copia Tipo de ítem Koha
    Library of Congress Classification     Colección General Bib. Gregorio Torres Quintero Bib. Gregorio Torres Quintero Planta baja 2 PN2316 M4 P8.6 211205 31/12/2020 1 Libro